000 00392nam a2200121 4500
999 _c11322
_d11322
008 181116b ||||| |||| 00| 0 eng d
100 _932560
_aMacabalang, Ali G.
245 _aBiodiversity conservation in Cotabato schools' curriculum/
_cAli G. Macabalang
260 _aPhilippines
_bManila Bulletin
_cc2017
300 _apage B-8.
650 0 _932562
_aBiological diversity.
942 _2ddc
_cPER